000 00628nam a2200181Ia 4500
003 GCL
008 140319s9999 xx 000 0 ara d
040 _aGCL /
_cGCL
082 0 4 _a791.437
_bس م
100 1 _aسعدالدين وهبة
245 1 0 _aمصر : مائة سنة سينما /
_cسعدالدين وهبة
700 1 _aاحمد رافت بهجت
260 _aالقاهرة :
_bمطبوعات مهرجان القاهرة السينمائى الدولى
300 _a421 ص
650 0 4 _aالسينما المصرية - تاريخ
650 0 4 _aالافلام السينمائية - مصر
942 _2ddc
_cBK
999 _c47588
_d47588